00474nam a2200193Ia 4500008004100000020001800041050001400059100001900073245001600092245002700108245005200135260001500187260001600202260000900218300001500227300002000242300001000262500000800272170918s9999 xx 000 0 und d a9780545073868 bS897 2008 aStrasser, Todd aNighttime : btoo afraid to scream / cby Todd Strasser ; illustrated by Doug Cushman. aNew York : bScholastic, c2008 a80 pages : billustrations ; c19cm. a480